The Anthropology of development and globalization: from classical political economy to contemporary neoliberalism /

Wedi'i Gadw mewn:
Manylion Llyfryddiaeth
Prif Awdur: Edelman, Marc
Awduron Eraill: ed Haugerud, Angelique ed
Fformat: Anhysbys
Cyhoeddwyd: Oxford: Blackwell Publishing
Pynciau:
Tagiau: Ychwanegu Tag
Dim Tagiau, Byddwch y cyntaf i dagio'r cofnod hwn!

MARC

LEADER 00000 a2200000 04500
001 33374
003
008 991231s d
040 |a CRAI/IIS  |c CRAI/IIS 
090 |a 0004 E217a  
100 |a Edelman, Marc  
245 |a The Anthropology of development and globalization: from classical political economy to contemporary neoliberalism /  |c Marc Edelman 
260 |a Oxford:   |b Blackwell Publishing  
300 |a 406 p.  
650 |a TEORIA DEL DESARROLLO  
650 |a MOVIMIENTOS SOCIALES  
650 |a PAISES EN DESARROLLO  
650 |a DISCURSOS  
650 |a CONOCIMIENTO  
650 |a MODERNIZACION  
700 |a ed   |a Haugerud, Angelique   |a ed  
999 |c 3666  |d 3666